| 000 | nam a22 7a 4500 | ||
|---|---|---|---|
| 999 |
_c332282 _d332282 |
||
| 003 | NUST | ||
| 005 | 20171122121834.0 | ||
| 008 | 171122b xxu||||| |||| 00| 0 eng d | ||
| 020 | _a8120322304 | ||
| 040 | _c0 | ||
| 082 | _a910.285 LOC | ||
| 100 |
_aLo,C.P. _96666 |
||
| 245 |
_aConcepts and Techniques of Geographic Information Systems _cC.P.Lo |
||
| 260 |
_aNew Delhi _bPrentice-Hall _c2002 |
||
| 300 | _a492p. | ||
| 500 | _aH.B | ||
| 942 |
_2ddc _cBK _kIESE |
||